| Tag |
First Indicator |
Second Indicator |
Subfields |
| LEADER |
00000cem a22000007a 4500 |
| 001 |
in00002781940 |
| 005 |
20150922120219.0 |
| 007 |
aj aanzn |
| 008 |
120919s1984 ncu a 1 eng d |
| 034 |
0 |
|
|a a
|
| 040 |
|
|
|d UtOrBLW
|
| 052 |
|
|
|a 3903
|b J5
|
| 052 |
|
|
|a 3904
|b C56
|
| 090 |
|
|
|a G3904.C56 1984
|b .S6
|
| 110 |
2 |
|
|a Southern Engineering (Firm)
|
| 245 |
1 |
0 |
|a Welcome to Clayton, North Carolina :
|b population 5,000 /
|c Southern Engineering.
|
| 246 |
3 |
0 |
|a Clayton, North Carolina
|
| 246 |
1 |
|
|i Title from verso:
|a Johnston County, North Carolina
|
| 255 |
|
|
|a Scale not given.
|
| 264 |
|
1 |
|a Burnsville, Miss. :
|b Southern Engineering,
|c [1984]
|
| 264 |
|
4 |
|c ©1984
|
| 300 |
|
|
|a 1 map ;
|c 31 x 37 cm.
|
| 336 |
|
|
|a cartographic image
|b cri
|2 rdacontent
|
| 337 |
|
|
|a unmediated
|b n
|2 rdamedia
|
| 338 |
|
|
|a sheet
|b nb
|2 rdacarrier
|
| 500 |
|
|
|a Includes street index, points of interest, emergency numbers and advertisements.
|
| 500 |
|
|
|a Map of Johnston County, North Carolina and advertisements on verso.
|
| 500 |
|
|
|a Cartographic material.
|
| 651 |
|
0 |
|a Clayton (N.C.)
|v Maps.
|
| 651 |
|
0 |
|a Johnston County (N.C.)
|v Maps.
|
| 948 |
|
|
|a needs original cataloging
|c 2012/9/19
|e smckenzi
|
| 999 |
|
|
|a MARS
|
| 999 |
f |
f |
|s 00825d80-ae52-3b16-b7cb-b3f903ee1ca0
|i 04818dbe-ddaa-368f-96bf-b09e14fcdcd5
|t 0
|
| 952 |
f |
f |
|p normal
|a Texas A&M University
|b College Station
|c Sterling C. Evans Library
|d Evans: Maps (2nd floor)
|t 0
|e G3904.C56 1984 .S6
|h Library of Congress classification
|i unmediated -- sheet
|m A14841392277
|
| 998 |
f |
f |
|a G3904.C56 1984 .S6
|t 0
|l Evans: Maps (2nd floor)
|